书目信息 |
| 题名: |
刚柔并济话纤维
|
|
| 作者: | 佐藤哲 , 山崎一 ;董偉 , 谭毅 | |
| 分册: | ||
| 出版信息: | 北京 科学出版社 2013 |
|
| 页数: | 196 | |
| 开本: | 19cm | |
| 丛书名: | ||
| 单 册: | ||
| 中图分类: | TS10 | |
| 科图分类: | ||
| 主题词: | 手工业史 , 手工业 , 轻工业 | |
| 电子资源: | ||
| ISBN: | 978-7-03-037601-5 | |
| 000 | 00728nam0 2200241 450 | |
| 001 | 1735846483 | |
| 005 | 20170410095726.48 | |
| 010 | @a978-7-03-037601-5 | |
| 100 | @a20170410d km y0chiy0120 ea | |
| 101 | 0 | @achi |
| 200 | 1 | @a刚柔并济话纤维@Agang rou bing ji hua xian wei@f(日)山崎一,(日)佐藤哲@F(ri)shan qi yi,(ri)zuo teng zhe@g谭毅,董偉@Gtan yi,dong wei |
| 210 | @a北京@c科学出版社@d2013 | |
| 215 | @a196@c彩图@d19cm | |
| 606 | 0 | @a手工业史 |
| 606 | 0 | @a手工业 |
| 606 | 0 | @a轻工业 |
| 690 | @aTS10@v4 | |
| 701 | 0 | @a佐藤哲@Azuo teng zhe |
| 701 | 0 | @a山崎一@Ashan qi yi |
| 702 | 0 | @a董偉@Adong wei |
| 702 | 0 | @a谭毅@Atan yi |
| 801 | 0 | @aCN@b大连网信软件有限公司图书馆·11@c20170410 |
| 905 | @b6604000@dTS10@en1@f1 | |
| 刚柔并济话纤维/(日)山崎一,(日)佐藤哲/谭毅,董偉.-北京:科学出版社,2013 |
| 196:彩图;19cm |
| ISBN 978-7-03-037601-5: |
| ● |
| 相关链接 |
|
|
|
|
正题名:刚柔并济话纤维
索取号:TS10/n1
 
预约/预借
| 序号 | 登录号 | 条形码 | 馆藏地/架位号 | 状态 | 备注 |
| 1 | 6604000 | 266040009 | 密集书库-生命科学系/ [索取号:TS10/n1] | 在馆 |